000 00907nam a2200277 i 4500
001 133480
003 ES-MaACL
005 20230906194424.0
007 t|
008 070816s1979 sp ||||1| spa d
020 _a84-205-0626-5
080 _a541.6(075.8)
080 _a577.1(075.8)
100 1 _aWold, Finn.
_9117217
245 1 0 _aMacromoléculas :
_bestructura y función /
_cFinn Wold, E. Meléndez Hevia y J.M. González de Buitrago.
260 _aMadrid :
_bAlhambra,
_c1979.
300 _aXV, 391 p. :
_bil. ;
_c20 cm.
490 1 _aExedra ;
_v123. Sección IV, bioquímica ;
_v3
650 4 _aMacromoléculas.
_914721
700 1 _aMeléndez-Hevia, Enrique.
_979921
700 1 _aGonzález de Buitrago, J. M.
_958529
830 1 _aExedra ;
_v123. Sección IV, bioquímica ;
_v3
_9177436
852 4 _aES-MaACL
_jA-10650
852 4 _aES-MaACL
_jA-10911
999 _c133480
_d133480